Statistics for Country Names by Most Common Letters

Click here to take the quiz!

General Stats

  • This quiz has been taken 184 times
  • The average score is 12 of 21

Answer Stats

LetterCountry#% Correct
QIraq and 3 more1
87%
JJapan and 6 more1
84%
BZimbabwe/Barbados2
72%
IDominican Republic and 4 more3
71%
CDemocratic Republic of the Congo4
63%
ODemocratic Republic of the Congo4
63%
KKazakhstan2
60%
MMyanmar/Mozambique2
56%
RCentral African Republic3
54%
SMarshall Islands/Solomon Islands/St Vincent3
54%
PPhilippines3
54%
TSaint Kitts/Saint Vincent3
53%
UUruguay3
53%
AAntigua and Barbuda5
49%
YKyrgyzstan2
49%
FFederated States of Micronesia2
47%
DTrinidad and Tobago3
42%
GGeorgia2
41%
NSaint Vincent and the Grenadines5
38%
ESaint Vincent and the Grenadines4
38%
LMarshall Islands3
36%

Score Distribution

Percentile by Number Answered

Percent of People with Each Score

Your Score History

You have not taken this quiz